| 000 | 00376 a2200157 4500 | ||
|---|---|---|---|
| 001 | 62886 | ||
| 020 | _a9788577533381 | ||
| 040 | _cAnchieta - Pituba | ||
| 100 | _aSchittine, Denise Ferreira de Araújo | ||
| 240 | 1 | 0 |
_aLer e escrever no escuro _lpor |
| 245 | 1 | 0 | _aLer e escrever no escuro |
| 300 | _a461 | ||
| 362 | 0 | _a2016 | |
| 650 | 4 | _aLiteratura brasileira | |
| 942 | _cBK | ||
| 999 |
_c62886 _d62886 |
||